000 00529nam a22001817a 4500
005 20251108164800.0
008 250721s1983 xx 000 0 ara d
082 1 4 _a370.9/اسح
100 1 _aفرحان، إسحق أحمد
245 1 0 _aالتربية الإسلامية بين الأصالة و المعاصرة /
250 _aط2.
264 1 _aعمان :
_bدار الفرقان،
_c1983.
300 _a128ص
650 1 7 _aالتربية
650 1 7 _aتاريخ التربية
942 _2ddc
_cBK
999 _c14240
_d14240